Daty na moj test z histy - Statystyki

Ogólne statystyki
  • Ten quiz został rozwiązany 10 razy
  • Średni wynik to 257 z 450
Statystyki odpowiedzi
Zagadnienie Komórka Select % Poprawnych
Przewrót w Paryżu na skutek którego Francją zaczyna rządzić 3 osoby Konsulat (z Napoleonem) 14 lipca 1789 Nie
89%
Przewrót w Paryżu na skutek którego Francją zaczyna rządzić 3 osoby Konsulat (z Napoleonem) 1700 do 1721 Nie
89%
Przewrót w Paryżu na skutek którego Francją zaczyna rządzić 3 osoby Konsulat (z Napoleonem) 1701 Nie
89%
Przewrót w Paryżu na skutek którego Francją zaczyna rządzić 3 osoby Konsulat (z Napoleonem) 1721 Nie
89%
Przewrót w Paryżu na skutek którego Francją zaczyna rządzić 3 osoby Konsulat (z Napoleonem) 1763 Nie
89%
Przewrót w Paryżu na skutek którego Francją zaczyna rządzić 3 osoby Konsulat (z Napoleonem) 1773 Nie
89%
Przewrót w Paryżu na skutek którego Francją zaczyna rządzić 3 osoby Konsulat (z Napoleonem) 1774 Nie
89%
Przewrót w Paryżu na skutek którego Francją zaczyna rządzić 3 osoby Konsulat (z Napoleonem) 1775 Nie
89%
Przewrót w Paryżu na skutek którego Francją zaczyna rządzić 3 osoby Konsulat (z Napoleonem) 1781 Nie
89%
Przewrót w Paryżu na skutek którego Francją zaczyna rządzić 3 osoby Konsulat (z Napoleonem) 1783 Nie
89%
Przewrót w Paryżu na skutek którego Francją zaczyna rządzić 3 osoby Konsulat (z Napoleonem) 26 sierpnia 1789 Nie
89%
Przewrót w Paryżu na skutek którego Francją zaczyna rządzić 3 osoby Konsulat (z Napoleonem) 27 lipca 1794 Nie
89%
Przewrót w Paryżu na skutek którego Francją zaczyna rządzić 3 osoby Konsulat (z Napoleonem) adsvv Nie
89%
Przewrót w Paryżu na skutek którego Francją zaczyna rządzić 3 osoby Konsulat (z Napoleonem) awdsf Nie
89%
Przewrót w Paryżu na skutek którego Francją zaczyna rządzić 3 osoby Konsulat (z Napoleonem) idk Nie
89%
Przewrót w Paryżu na skutek którego Francją zaczyna rządzić 3 osoby Konsulat (z Napoleonem) lool Nie
89%
Przewrót w Paryżu na skutek którego Francją zaczyna rządzić 3 osoby Konsulat (z Napoleonem) nana Nie
89%
Przewrót w Paryżu na skutek którego Francją zaczyna rządzić 3 osoby Konsulat (z Napoleonem) noid Nie
89%
Przewrót w Paryżu na skutek którego Francją zaczyna rządzić 3 osoby Konsulat (z Napoleonem) nth Nie
89%
Przewrót w Paryżu na skutek którego Francją zaczyna rządzić 3 osoby Konsulat (z Napoleonem) 21 stycznia 1793 Nie
78%
Przewrót w Paryżu na skutek którego Francją zaczyna rządzić 3 osoby Konsulat (z Napoleonem) 3 września 1791 Nie
78%
Przewrót w Paryżu na skutek którego Francją zaczyna rządzić 3 osoby Konsulat (z Napoleonem) 4 lipca 1776 Nie
78%
Przewrót w Paryżu na skutek którego Francją zaczyna rządzić 3 osoby Konsulat (z Napoleonem) 5 maja 1789 Nie
78%
ogłoszenie niepodległości przez Amerykanów 14 lipca 1789 Nie
67%
Koronacja elektora Prus Fryderyka III na króla Fryderyka I 14 lipca 1789 Nie
67%
ogłoszenie niepodległości przez Amerykanów 1700 do 1721 Nie
67%
Ścięcie Ludwika XVI 1700 do 1721 Nie
67%
Koronacja elektora Prus Fryderyka III na króla Fryderyka I 1700 do 1721 Nie
67%
ogłoszenie niepodległości przez Amerykanów 1701 Nie
67%
Ścięcie Ludwika XVI 1701 Nie
67%
ogłoszenie niepodległości przez Amerykanów 1721 Nie
67%
Ścięcie Ludwika XVI 1721 Nie
67%
Koronacja elektora Prus Fryderyka III na króla Fryderyka I 1721 Nie
67%
ogłoszenie niepodległości przez Amerykanów 1763 Nie
67%
Ścięcie Ludwika XVI 1763 Nie
67%
Koronacja elektora Prus Fryderyka III na króla Fryderyka I 1763 Nie
67%
ogłoszenie niepodległości przez Amerykanów 1773 Nie
67%
Ścięcie Ludwika XVI 1773 Nie
67%
Koronacja elektora Prus Fryderyka III na króla Fryderyka I 1773 Nie
67%
ogłoszenie niepodległości przez Amerykanów 1774 Nie
67%
Ścięcie Ludwika XVI 1774 Nie
67%
Koronacja elektora Prus Fryderyka III na króla Fryderyka I 1774 Nie
67%
Ścięcie Ludwika XVI 1775 Nie
67%
Koronacja elektora Prus Fryderyka III na króla Fryderyka I 1775 Nie
67%
Ścięcie Ludwika XVI 1781 Nie
67%
Koronacja elektora Prus Fryderyka III na króla Fryderyka I 1781 Nie
67%
ogłoszenie niepodległości przez Amerykanów 1783 Nie
67%
Ścięcie Ludwika XVI 1783 Nie
67%
Przewrót w Paryżu na skutek którego Francją zaczyna rządzić 3 osoby Konsulat (z Napoleonem) 17 września 1787 Nie
67%
ogłoszenie niepodległości przez Amerykanów 17 września 1787 Nie
67%
Ścięcie Ludwika XVI 17 września 1787 Nie
67%
Koronacja elektora Prus Fryderyka III na króla Fryderyka I 17 września 1787 Nie
67%
ogłoszenie niepodległości przez Amerykanów 21 stycznia 1793 Nie
67%
ogłoszenie niepodległości przez Amerykanów 26 sierpnia 1789 Nie
67%
Ścięcie Ludwika XVI 26 sierpnia 1789 Nie
67%
Koronacja elektora Prus Fryderyka III na króla Fryderyka I 26 sierpnia 1789 Nie
67%
ogłoszenie niepodległości przez Amerykanów 27 lipca 1794 Nie
67%
Ścięcie Ludwika XVI 27 lipca 1794 Nie
67%
Koronacja elektora Prus Fryderyka III na króla Fryderyka I 27 lipca 1794 Nie
67%
ogłoszenie niepodległości przez Amerykanów 3 września 1791 Nie
67%
Koronacja elektora Prus Fryderyka III na króla Fryderyka I 3 września 1791 Nie
67%
Ścięcie Ludwika XVI 4 lipca 1776 Nie
67%
Koronacja elektora Prus Fryderyka III na króla Fryderyka I 4 lipca 1776 Nie
67%
ogłoszenie niepodległości przez Amerykanów 5 maja 1789 Nie
67%
Ścięcie Ludwika XVI 5 maja 1789 Nie
67%
Koronacja elektora Prus Fryderyka III na króla Fryderyka I 5 maja 1789 Nie
67%
ogłoszenie niepodległości przez Amerykanów 9 listopada 1799 Nie
67%
Ścięcie Ludwika XVI 9 listopada 1799 Nie
67%
ogłoszenie niepodległości przez Amerykanów adsvv Nie
67%
Ścięcie Ludwika XVI adsvv Nie
67%
Koronacja elektora Prus Fryderyka III na króla Fryderyka I adsvv Nie
67%
ogłoszenie niepodległości przez Amerykanów awdsf Nie
67%
Ścięcie Ludwika XVI awdsf Nie
67%
Koronacja elektora Prus Fryderyka III na króla Fryderyka I awdsf Nie
67%
ogłoszenie niepodległości przez Amerykanów idk Nie
67%
Ścięcie Ludwika XVI idk Nie
67%
ogłoszenie niepodległości przez Amerykanów lool Nie
67%
Ścięcie Ludwika XVI lool Nie
67%
Koronacja elektora Prus Fryderyka III na króla Fryderyka I lool Nie
67%
ogłoszenie niepodległości przez Amerykanów nana Nie
67%
Ścięcie Ludwika XVI nana Nie
67%
Koronacja elektora Prus Fryderyka III na króla Fryderyka I nana Nie
67%
ogłoszenie niepodległości przez Amerykanów noid Nie
67%
Koronacja elektora Prus Fryderyka III na króla Fryderyka I noid Nie
67%
ogłoszenie niepodległości przez Amerykanów nth Nie
67%
Ścięcie Ludwika XVI nth Nie
67%
Koronacja elektora Prus Fryderyka III na króla Fryderyka I nth Nie
67%
Nałożenie na Amerykanów nakazu kupna herbaty tylko z Wielkiej Brytanii 14 lipca 1789 Nie
56%
Ścięcie Ludwika XVI 14 lipca 1789 Nie
56%
Przewrót Jakobiński we Francji, aresztowanie Maksymiliana Robespierre 14 lipca 1789 Nie
56%
Kapitulacja Brytyjczyków po bitwie pod Yorktown przeciw Amerykanom 14 lipca 1789 Nie
56%
Pokój w Paryżu, który potwierdził niepodległość USA 14 lipca 1789 Nie
56%
Uchwalenie Konstytucji USA 14 lipca 1789 Nie
56%
Wynalezienie maszyny parowej przez Jamesa Watta 14 lipca 1789 Nie
56%
Pierwszy kongres kontynentalny w Filadelfii / Początek rządów Ludwika XVI we Francji 14 lipca 1789 Nie
56%
Wielka Wojna Północna 14 lipca 1789 Nie
56%
Uchwalenie Konstytucji francuskiej 14 lipca 1789 Nie
56%
Wybuch wojny o niepodległość USA 14 lipca 1789 Nie
56%
Uchwalenie we Francji Deklaracji Praw Człowieka i Obywatela 14 lipca 1789 Nie
56%
Nałożenie na Amerykanów nakazu kupna herbaty tylko z Wielkiej Brytanii 1700 do 1721 Nie
56%
Piotr Wielki ogłasza się Cesarzem Wszechrusi 1700 do 1721 Nie
56%
Przewrót Jakobiński we Francji, aresztowanie Maksymiliana Robespierre 1700 do 1721 Nie
56%
Kapitulacja Brytyjczyków po bitwie pod Yorktown przeciw Amerykanom 1700 do 1721 Nie
56%
Pokój w Paryżu, który potwierdził niepodległość USA 1700 do 1721 Nie
56%
Uchwalenie Konstytucji USA 1700 do 1721 Nie
56%
Atak na Bastylię, czyli początek rewolucji francuskiej 1700 do 1721 Nie
56%
Wynalezienie maszyny parowej przez Jamesa Watta 1700 do 1721 Nie
56%
Pierwszy kongres kontynentalny w Filadelfii / Początek rządów Ludwika XVI we Francji 1700 do 1721 Nie
56%
Uchwalenie Konstytucji francuskiej 1700 do 1721 Nie
56%
Wybuch wojny o niepodległość USA 1700 do 1721 Nie
56%
Uchwalenie we Francji Deklaracji Praw Człowieka i Obywatela 1700 do 1721 Nie
56%
Nałożenie na Amerykanów nakazu kupna herbaty tylko z Wielkiej Brytanii 1701 Nie
56%
Piotr Wielki ogłasza się Cesarzem Wszechrusi 1701 Nie
56%
Zwołanie Stanów Generalnych przez króla Francji Ludwika XVI 1701 Nie
56%
Przewrót Jakobiński we Francji, aresztowanie Maksymiliana Robespierre 1701 Nie
56%
Kapitulacja Brytyjczyków po bitwie pod Yorktown przeciw Amerykanom 1701 Nie
56%
Pokój w Paryżu, który potwierdził niepodległość USA 1701 Nie
56%
Uchwalenie Konstytucji USA 1701 Nie
56%
Atak na Bastylię, czyli początek rewolucji francuskiej 1701 Nie
56%
Wynalezienie maszyny parowej przez Jamesa Watta 1701 Nie
56%
Pierwszy kongres kontynentalny w Filadelfii / Początek rządów Ludwika XVI we Francji 1701 Nie
56%
Wielka Wojna Północna 1701 Nie
56%
Uchwalenie Konstytucji francuskiej 1701 Nie
56%
Wybuch wojny o niepodległość USA 1701 Nie
56%
Uchwalenie we Francji Deklaracji Praw Człowieka i Obywatela 1701 Nie
56%
Zwołanie Stanów Generalnych przez króla Francji Ludwika XVI 1721 Nie
56%
Przewrót Jakobiński we Francji, aresztowanie Maksymiliana Robespierre 1721 Nie
56%
Kapitulacja Brytyjczyków po bitwie pod Yorktown przeciw Amerykanom 1721 Nie
56%
Uchwalenie Konstytucji USA 1721 Nie
56%
Atak na Bastylię, czyli początek rewolucji francuskiej 1721 Nie
56%
Wynalezienie maszyny parowej przez Jamesa Watta 1721 Nie
56%
Pierwszy kongres kontynentalny w Filadelfii / Początek rządów Ludwika XVI we Francji 1721 Nie
56%
Wielka Wojna Północna 1721 Nie
56%
Uchwalenie Konstytucji francuskiej 1721 Nie
56%
Wybuch wojny o niepodległość USA 1721 Nie
56%
Uchwalenie we Francji Deklaracji Praw Człowieka i Obywatela 1721 Nie
56%
Nałożenie na Amerykanów nakazu kupna herbaty tylko z Wielkiej Brytanii 1763 Nie
56%
Piotr Wielki ogłasza się Cesarzem Wszechrusi 1763 Nie
56%
Zwołanie Stanów Generalnych przez króla Francji Ludwika XVI 1763 Nie
56%
Przewrót Jakobiński we Francji, aresztowanie Maksymiliana Robespierre 1763 Nie
56%
Kapitulacja Brytyjczyków po bitwie pod Yorktown przeciw Amerykanom 1763 Nie
56%
Pokój w Paryżu, który potwierdził niepodległość USA 1763 Nie
56%
Uchwalenie Konstytucji USA 1763 Nie
56%
Atak na Bastylię, czyli początek rewolucji francuskiej 1763 Nie
56%
Pierwszy kongres kontynentalny w Filadelfii / Początek rządów Ludwika XVI we Francji 1763 Nie
56%
Wielka Wojna Północna 1763 Nie
56%
Uchwalenie Konstytucji francuskiej 1763 Nie
56%
Wybuch wojny o niepodległość USA 1763 Nie
56%
Uchwalenie we Francji Deklaracji Praw Człowieka i Obywatela 1763 Nie
56%
Piotr Wielki ogłasza się Cesarzem Wszechrusi 1773 Nie
56%
Zwołanie Stanów Generalnych przez króla Francji Ludwika XVI 1773 Nie
56%
Przewrót Jakobiński we Francji, aresztowanie Maksymiliana Robespierre 1773 Nie
56%
Kapitulacja Brytyjczyków po bitwie pod Yorktown przeciw Amerykanom 1773 Nie
56%
Pokój w Paryżu, który potwierdził niepodległość USA 1773 Nie
56%
Uchwalenie Konstytucji USA 1773 Nie
56%
Atak na Bastylię, czyli początek rewolucji francuskiej 1773 Nie
56%
Wynalezienie maszyny parowej przez Jamesa Watta 1773 Nie
56%
Wielka Wojna Północna 1773 Nie
56%
Uchwalenie Konstytucji francuskiej 1773 Nie
56%
Uchwalenie we Francji Deklaracji Praw Człowieka i Obywatela 1773 Nie
56%
Nałożenie na Amerykanów nakazu kupna herbaty tylko z Wielkiej Brytanii 1774 Nie
56%
Piotr Wielki ogłasza się Cesarzem Wszechrusi 1774 Nie
56%
Zwołanie Stanów Generalnych przez króla Francji Ludwika XVI 1774 Nie
56%
Przewrót Jakobiński we Francji, aresztowanie Maksymiliana Robespierre 1774 Nie
56%
Kapitulacja Brytyjczyków po bitwie pod Yorktown przeciw Amerykanom 1774 Nie
56%
Pokój w Paryżu, który potwierdził niepodległość USA 1774 Nie
56%
Uchwalenie Konstytucji USA 1774 Nie
56%
Atak na Bastylię, czyli początek rewolucji francuskiej 1774 Nie
56%
Wielka Wojna Północna 1774 Nie
56%
Uchwalenie Konstytucji francuskiej 1774 Nie
56%
Uchwalenie we Francji Deklaracji Praw Człowieka i Obywatela 1774 Nie
56%
Nałożenie na Amerykanów nakazu kupna herbaty tylko z Wielkiej Brytanii 1775 Nie
56%
Piotr Wielki ogłasza się Cesarzem Wszechrusi 1775 Nie
56%
Zwołanie Stanów Generalnych przez króla Francji Ludwika XVI 1775 Nie
56%
ogłoszenie niepodległości przez Amerykanów 1775 Nie
56%
Przewrót Jakobiński we Francji, aresztowanie Maksymiliana Robespierre 1775 Nie
56%
Kapitulacja Brytyjczyków po bitwie pod Yorktown przeciw Amerykanom 1775 Nie
56%
Pokój w Paryżu, który potwierdził niepodległość USA 1775 Nie
56%
Uchwalenie Konstytucji USA 1775 Nie
56%
Atak na Bastylię, czyli początek rewolucji francuskiej 1775 Nie
56%
Wynalezienie maszyny parowej przez Jamesa Watta 1775 Nie
56%
Wielka Wojna Północna 1775 Nie
56%
Uchwalenie Konstytucji francuskiej 1775 Nie
56%
Uchwalenie we Francji Deklaracji Praw Człowieka i Obywatela 1775 Nie
56%
Nałożenie na Amerykanów nakazu kupna herbaty tylko z Wielkiej Brytanii 1781 Nie
56%
Piotr Wielki ogłasza się Cesarzem Wszechrusi 1781 Nie
56%
Zwołanie Stanów Generalnych przez króla Francji Ludwika XVI 1781 Nie
56%
ogłoszenie niepodległości przez Amerykanów 1781 Nie
56%
Przewrót Jakobiński we Francji, aresztowanie Maksymiliana Robespierre 1781 Nie
56%
Pokój w Paryżu, który potwierdził niepodległość USA 1781 Nie
56%
Uchwalenie Konstytucji USA 1781 Nie
56%
Atak na Bastylię, czyli początek rewolucji francuskiej 1781 Nie
56%
Wynalezienie maszyny parowej przez Jamesa Watta 1781 Nie
56%
Pierwszy kongres kontynentalny w Filadelfii / Początek rządów Ludwika XVI we Francji 1781 Nie
56%
Wielka Wojna Północna 1781 Nie
56%
Uchwalenie Konstytucji francuskiej 1781 Nie
56%
Wybuch wojny o niepodległość USA 1781 Nie
56%
Uchwalenie we Francji Deklaracji Praw Człowieka i Obywatela 1781 Nie
56%
Nałożenie na Amerykanów nakazu kupna herbaty tylko z Wielkiej Brytanii 1783 Nie
56%
Piotr Wielki ogłasza się Cesarzem Wszechrusi 1783 Nie
56%
Koronacja elektora Prus Fryderyka III na króla Fryderyka I 1783 Nie
56%
Przewrót Jakobiński we Francji, aresztowanie Maksymiliana Robespierre 1783 Nie
56%
Kapitulacja Brytyjczyków po bitwie pod Yorktown przeciw Amerykanom 1783 Nie
56%
Uchwalenie Konstytucji USA 1783 Nie
56%
Atak na Bastylię, czyli początek rewolucji francuskiej 1783 Nie
56%
Wynalezienie maszyny parowej przez Jamesa Watta 1783 Nie
56%
Pierwszy kongres kontynentalny w Filadelfii / Początek rządów Ludwika XVI we Francji 1783 Nie
56%
Wielka Wojna Północna 1783 Nie
56%
Uchwalenie Konstytucji francuskiej 1783 Nie
56%
Wybuch wojny o niepodległość USA 1783 Nie
56%
Uchwalenie we Francji Deklaracji Praw Człowieka i Obywatela 1783 Nie
56%
Nałożenie na Amerykanów nakazu kupna herbaty tylko z Wielkiej Brytanii 17 września 1787 Nie
56%
Zwołanie Stanów Generalnych przez króla Francji Ludwika XVI 17 września 1787 Nie
56%
Kapitulacja Brytyjczyków po bitwie pod Yorktown przeciw Amerykanom 17 września 1787 Nie
56%
Pokój w Paryżu, który potwierdził niepodległość USA 17 września 1787 Nie
56%
Atak na Bastylię, czyli początek rewolucji francuskiej 17 września 1787 Nie
56%
Wynalezienie maszyny parowej przez Jamesa Watta 17 września 1787 Nie
56%
Pierwszy kongres kontynentalny w Filadelfii / Początek rządów Ludwika XVI we Francji 17 września 1787 Nie
56%
Wielka Wojna Północna 17 września 1787 Nie
56%
Uchwalenie Konstytucji francuskiej 17 września 1787 Nie
56%
Wybuch wojny o niepodległość USA 17 września 1787 Nie
56%
Uchwalenie we Francji Deklaracji Praw Człowieka i Obywatela 17 września 1787 Nie
56%
Nałożenie na Amerykanów nakazu kupna herbaty tylko z Wielkiej Brytanii 21 stycznia 1793 Nie
56%
Zwołanie Stanów Generalnych przez króla Francji Ludwika XVI 21 stycznia 1793 Nie
56%
Koronacja elektora Prus Fryderyka III na króla Fryderyka I 21 stycznia 1793 Nie
56%
Przewrót Jakobiński we Francji, aresztowanie Maksymiliana Robespierre 21 stycznia 1793 Nie
56%
Kapitulacja Brytyjczyków po bitwie pod Yorktown przeciw Amerykanom 21 stycznia 1793 Nie
56%
Pokój w Paryżu, który potwierdził niepodległość USA 21 stycznia 1793 Nie
56%
Uchwalenie Konstytucji USA 21 stycznia 1793 Nie
56%
Atak na Bastylię, czyli początek rewolucji francuskiej 21 stycznia 1793 Nie
56%
Wynalezienie maszyny parowej przez Jamesa Watta 21 stycznia 1793 Nie
56%
Pierwszy kongres kontynentalny w Filadelfii / Początek rządów Ludwika XVI we Francji 21 stycznia 1793 Nie
56%
Wielka Wojna Północna 21 stycznia 1793 Nie
56%
Uchwalenie Konstytucji francuskiej 21 stycznia 1793 Nie
56%
Wybuch wojny o niepodległość USA 21 stycznia 1793 Nie
56%
Uchwalenie we Francji Deklaracji Praw Człowieka i Obywatela 21 stycznia 1793 Nie
56%
Nałożenie na Amerykanów nakazu kupna herbaty tylko z Wielkiej Brytanii 26 sierpnia 1789 Nie
56%
Piotr Wielki ogłasza się Cesarzem Wszechrusi 26 sierpnia 1789 Nie
56%
Zwołanie Stanów Generalnych przez króla Francji Ludwika XVI 26 sierpnia 1789 Nie
56%
Przewrót Jakobiński we Francji, aresztowanie Maksymiliana Robespierre 26 sierpnia 1789 Nie
56%
Kapitulacja Brytyjczyków po bitwie pod Yorktown przeciw Amerykanom 26 sierpnia 1789 Nie
56%
Pokój w Paryżu, który potwierdził niepodległość USA 26 sierpnia 1789 Nie
56%
Uchwalenie Konstytucji USA 26 sierpnia 1789 Nie
56%
Atak na Bastylię, czyli początek rewolucji francuskiej 26 sierpnia 1789 Nie
56%
Wynalezienie maszyny parowej przez Jamesa Watta 26 sierpnia 1789 Nie
56%
Pierwszy kongres kontynentalny w Filadelfii / Początek rządów Ludwika XVI we Francji 26 sierpnia 1789 Nie
56%
Wielka Wojna Północna 26 sierpnia 1789 Nie
56%
Uchwalenie Konstytucji francuskiej 26 sierpnia 1789 Nie
56%
Wybuch wojny o niepodległość USA 26 sierpnia 1789 Nie
56%
Nałożenie na Amerykanów nakazu kupna herbaty tylko z Wielkiej Brytanii 27 lipca 1794 Nie
56%
Zwołanie Stanów Generalnych przez króla Francji Ludwika XVI 27 lipca 1794 Nie
56%
Kapitulacja Brytyjczyków po bitwie pod Yorktown przeciw Amerykanom 27 lipca 1794 Nie
56%
Pokój w Paryżu, który potwierdził niepodległość USA 27 lipca 1794 Nie
56%
Uchwalenie Konstytucji USA 27 lipca 1794 Nie
56%
Atak na Bastylię, czyli początek rewolucji francuskiej 27 lipca 1794 Nie
56%
Wynalezienie maszyny parowej przez Jamesa Watta 27 lipca 1794 Nie
56%
Pierwszy kongres kontynentalny w Filadelfii / Początek rządów Ludwika XVI we Francji 27 lipca 1794 Nie
56%
Wielka Wojna Północna 27 lipca 1794 Nie
56%
Wybuch wojny o niepodległość USA 27 lipca 1794 Nie
56%
Uchwalenie we Francji Deklaracji Praw Człowieka i Obywatela 27 lipca 1794 Nie
56%
Nałożenie na Amerykanów nakazu kupna herbaty tylko z Wielkiej Brytanii 3 września 1791 Nie
56%
Piotr Wielki ogłasza się Cesarzem Wszechrusi 3 września 1791 Nie
56%
Zwołanie Stanów Generalnych przez króla Francji Ludwika XVI 3 września 1791 Nie
56%
Ścięcie Ludwika XVI 3 września 1791 Nie
56%
Przewrót Jakobiński we Francji, aresztowanie Maksymiliana Robespierre 3 września 1791 Nie
56%
Pokój w Paryżu, który potwierdził niepodległość USA 3 września 1791 Nie
56%
Uchwalenie Konstytucji USA 3 września 1791 Nie
56%
Atak na Bastylię, czyli początek rewolucji francuskiej 3 września 1791 Nie
56%
Wynalezienie maszyny parowej przez Jamesa Watta 3 września 1791 Nie
56%
Pierwszy kongres kontynentalny w Filadelfii / Początek rządów Ludwika XVI we Francji 3 września 1791 Nie
56%
Wielka Wojna Północna 3 września 1791 Nie
56%
Wybuch wojny o niepodległość USA 3 września 1791 Nie
56%
Uchwalenie we Francji Deklaracji Praw Człowieka i Obywatela 3 września 1791 Nie
56%
Piotr Wielki ogłasza się Cesarzem Wszechrusi 4 lipca 1776 Nie
56%
Zwołanie Stanów Generalnych przez króla Francji Ludwika XVI 4 lipca 1776 Nie
56%
ogłoszenie niepodległości przez Amerykanów 4 lipca 1776 Tak
56%
Przewrót Jakobiński we Francji, aresztowanie Maksymiliana Robespierre 4 lipca 1776 Nie
56%
Kapitulacja Brytyjczyków po bitwie pod Yorktown przeciw Amerykanom 4 lipca 1776 Nie
56%
Pokój w Paryżu, który potwierdził niepodległość USA 4 lipca 1776 Nie
56%
Atak na Bastylię, czyli początek rewolucji francuskiej 4 lipca 1776 Nie
56%
Wynalezienie maszyny parowej przez Jamesa Watta 4 lipca 1776 Nie
56%
Pierwszy kongres kontynentalny w Filadelfii / Początek rządów Ludwika XVI we Francji 4 lipca 1776 Nie
56%
Wielka Wojna Północna 4 lipca 1776 Nie
56%
Uchwalenie Konstytucji francuskiej 4 lipca 1776 Nie
56%
Wybuch wojny o niepodległość USA 4 lipca 1776 Nie
56%
Uchwalenie we Francji Deklaracji Praw Człowieka i Obywatela 4 lipca 1776 Nie
56%
Nałożenie na Amerykanów nakazu kupna herbaty tylko z Wielkiej Brytanii 5 maja 1789 Nie
56%
Piotr Wielki ogłasza się Cesarzem Wszechrusi 5 maja 1789 Nie
56%
Przewrót Jakobiński we Francji, aresztowanie Maksymiliana Robespierre 5 maja 1789 Nie
56%
Kapitulacja Brytyjczyków po bitwie pod Yorktown przeciw Amerykanom 5 maja 1789 Nie
56%
Pokój w Paryżu, który potwierdził niepodległość USA 5 maja 1789 Nie
56%
Uchwalenie Konstytucji USA 5 maja 1789 Nie
56%
Atak na Bastylię, czyli początek rewolucji francuskiej 5 maja 1789 Nie
56%
Wynalezienie maszyny parowej przez Jamesa Watta 5 maja 1789 Nie
56%
Pierwszy kongres kontynentalny w Filadelfii / Początek rządów Ludwika XVI we Francji 5 maja 1789 Nie
56%
Wielka Wojna Północna 5 maja 1789 Nie
56%
Uchwalenie Konstytucji francuskiej 5 maja 1789 Nie
56%
Wybuch wojny o niepodległość USA 5 maja 1789 Nie
56%
Uchwalenie we Francji Deklaracji Praw Człowieka i Obywatela 5 maja 1789 Nie
56%
Przewrót w Paryżu na skutek którego Francją zaczyna rządzić 3 osoby Konsulat (z Napoleonem) 9 listopada 1799 Tak
56%
Nałożenie na Amerykanów nakazu kupna herbaty tylko z Wielkiej Brytanii 9 listopada 1799 Nie
56%
Piotr Wielki ogłasza się Cesarzem Wszechrusi 9 listopada 1799 Nie
56%
Zwołanie Stanów Generalnych przez króla Francji Ludwika XVI 9 listopada 1799 Nie
56%
Koronacja elektora Prus Fryderyka III na króla Fryderyka I 9 listopada 1799 Nie
56%
Przewrót Jakobiński we Francji, aresztowanie Maksymiliana Robespierre 9 listopada 1799 Nie
56%
Kapitulacja Brytyjczyków po bitwie pod Yorktown przeciw Amerykanom 9 listopada 1799 Nie
56%
Pokój w Paryżu, który potwierdził niepodległość USA 9 listopada 1799 Nie
56%
Uchwalenie Konstytucji USA 9 listopada 1799 Nie
56%
Atak na Bastylię, czyli początek rewolucji francuskiej 9 listopada 1799 Nie
56%
Wynalezienie maszyny parowej przez Jamesa Watta 9 listopada 1799 Nie
56%
Pierwszy kongres kontynentalny w Filadelfii / Początek rządów Ludwika XVI we Francji 9 listopada 1799 Nie
56%
Wielka Wojna Północna 9 listopada 1799 Nie
56%
Uchwalenie Konstytucji francuskiej 9 listopada 1799 Nie
56%
Wybuch wojny o niepodległość USA 9 listopada 1799 Nie
56%
Nałożenie na Amerykanów nakazu kupna herbaty tylko z Wielkiej Brytanii adsvv Nie
56%
Piotr Wielki ogłasza się Cesarzem Wszechrusi adsvv Nie
56%
Zwołanie Stanów Generalnych przez króla Francji Ludwika XVI adsvv Nie
56%
Przewrót Jakobiński we Francji, aresztowanie Maksymiliana Robespierre adsvv Nie
56%
Kapitulacja Brytyjczyków po bitwie pod Yorktown przeciw Amerykanom adsvv Nie
56%
Pokój w Paryżu, który potwierdził niepodległość USA adsvv Nie
56%
Uchwalenie Konstytucji USA adsvv Nie
56%
Atak na Bastylię, czyli początek rewolucji francuskiej adsvv Nie
56%
Wynalezienie maszyny parowej przez Jamesa Watta adsvv Nie
56%
Wielka Wojna Północna adsvv Nie
56%
Uchwalenie Konstytucji francuskiej adsvv Nie
56%
Wybuch wojny o niepodległość USA adsvv Nie
56%
Uchwalenie we Francji Deklaracji Praw Człowieka i Obywatela adsvv Nie
56%
Piotr Wielki ogłasza się Cesarzem Wszechrusi awdsf Nie
56%
Zwołanie Stanów Generalnych przez króla Francji Ludwika XVI awdsf Nie
56%
Przewrót Jakobiński we Francji, aresztowanie Maksymiliana Robespierre awdsf Nie
56%
Kapitulacja Brytyjczyków po bitwie pod Yorktown przeciw Amerykanom awdsf Nie
56%
Pokój w Paryżu, który potwierdził niepodległość USA awdsf Nie
56%
Uchwalenie Konstytucji USA awdsf Nie
56%
Atak na Bastylię, czyli początek rewolucji francuskiej awdsf Nie
56%
Pierwszy kongres kontynentalny w Filadelfii / Początek rządów Ludwika XVI we Francji awdsf Nie
56%
Wielka Wojna Północna awdsf Nie
56%
Uchwalenie Konstytucji francuskiej awdsf Nie
56%
Uchwalenie we Francji Deklaracji Praw Człowieka i Obywatela awdsf Nie
56%
Nałożenie na Amerykanów nakazu kupna herbaty tylko z Wielkiej Brytanii idk Nie
56%
Piotr Wielki ogłasza się Cesarzem Wszechrusi idk Nie
56%
Zwołanie Stanów Generalnych przez króla Francji Ludwika XVI idk Nie
56%
Koronacja elektora Prus Fryderyka III na króla Fryderyka I idk Nie
56%
Przewrót Jakobiński we Francji, aresztowanie Maksymiliana Robespierre idk Nie
56%
Kapitulacja Brytyjczyków po bitwie pod Yorktown przeciw Amerykanom idk Nie
56%
Pokój w Paryżu, który potwierdził niepodległość USA idk Nie
56%
Uchwalenie Konstytucji USA idk Nie
56%
Wynalezienie maszyny parowej przez Jamesa Watta idk Nie
56%
Pierwszy kongres kontynentalny w Filadelfii / Początek rządów Ludwika XVI we Francji idk Nie
56%
Wielka Wojna Północna idk Nie
56%
Uchwalenie Konstytucji francuskiej idk Nie
56%
Wybuch wojny o niepodległość USA idk Nie
56%
Uchwalenie we Francji Deklaracji Praw Człowieka i Obywatela idk Nie
56%
Nałożenie na Amerykanów nakazu kupna herbaty tylko z Wielkiej Brytanii lool Nie
56%
Piotr Wielki ogłasza się Cesarzem Wszechrusi lool Nie
56%
Zwołanie Stanów Generalnych przez króla Francji Ludwika XVI lool Nie
56%
Kapitulacja Brytyjczyków po bitwie pod Yorktown przeciw Amerykanom lool Nie
56%
Pokój w Paryżu, który potwierdził niepodległość USA lool Nie
56%
Uchwalenie Konstytucji USA lool Nie
56%
Atak na Bastylię, czyli początek rewolucji francuskiej lool Nie
56%
Wynalezienie maszyny parowej przez Jamesa Watta lool Nie
56%
Pierwszy kongres kontynentalny w Filadelfii / Początek rządów Ludwika XVI we Francji lool Nie
56%
Uchwalenie Konstytucji francuskiej lool Nie
56%
Wybuch wojny o niepodległość USA lool Nie
56%
Uchwalenie we Francji Deklaracji Praw Człowieka i Obywatela lool Nie
56%
Piotr Wielki ogłasza się Cesarzem Wszechrusi nana Nie
56%
Zwołanie Stanów Generalnych przez króla Francji Ludwika XVI nana Nie
56%
Przewrót Jakobiński we Francji, aresztowanie Maksymiliana Robespierre nana Nie
56%
Pokój w Paryżu, który potwierdził niepodległość USA nana Nie
56%
Uchwalenie Konstytucji USA nana Nie
56%
Atak na Bastylię, czyli początek rewolucji francuskiej nana Nie
56%
Wynalezienie maszyny parowej przez Jamesa Watta nana Nie
56%
Pierwszy kongres kontynentalny w Filadelfii / Początek rządów Ludwika XVI we Francji nana Nie
56%
Uchwalenie Konstytucji francuskiej nana Nie
56%
Wybuch wojny o niepodległość USA nana Nie
56%
Nałożenie na Amerykanów nakazu kupna herbaty tylko z Wielkiej Brytanii noid Nie
56%
Piotr Wielki ogłasza się Cesarzem Wszechrusi noid Nie
56%
Zwołanie Stanów Generalnych przez króla Francji Ludwika XVI noid Nie
56%
Ścięcie Ludwika XVI noid Nie
56%
Przewrót Jakobiński we Francji, aresztowanie Maksymiliana Robespierre noid Nie
56%
Kapitulacja Brytyjczyków po bitwie pod Yorktown przeciw Amerykanom noid Nie
56%
Uchwalenie Konstytucji USA noid Nie
56%
Wynalezienie maszyny parowej przez Jamesa Watta noid Nie
56%
Pierwszy kongres kontynentalny w Filadelfii / Początek rządów Ludwika XVI we Francji noid Nie
56%
Wielka Wojna Północna noid Nie
56%
Uchwalenie Konstytucji francuskiej noid Nie
56%
Wybuch wojny o niepodległość USA noid Nie
56%
Uchwalenie we Francji Deklaracji Praw Człowieka i Obywatela noid Nie
56%
Nałożenie na Amerykanów nakazu kupna herbaty tylko z Wielkiej Brytanii nth Nie
56%
Piotr Wielki ogłasza się Cesarzem Wszechrusi nth Nie
56%
Zwołanie Stanów Generalnych przez króla Francji Ludwika XVI nth Nie
56%
Przewrót Jakobiński we Francji, aresztowanie Maksymiliana Robespierre nth Nie
56%
Pokój w Paryżu, który potwierdził niepodległość USA nth Nie
56%
Uchwalenie Konstytucji USA nth Nie
56%
Atak na Bastylię, czyli początek rewolucji francuskiej nth Nie
56%
Wynalezienie maszyny parowej przez Jamesa Watta nth Nie
56%
Pierwszy kongres kontynentalny w Filadelfii / Początek rządów Ludwika XVI we Francji nth Nie
56%
Wielka Wojna Północna nth Nie
56%
Wybuch wojny o niepodległość USA nth Nie
56%
Uchwalenie we Francji Deklaracji Praw Człowieka i Obywatela nth Nie
56%
Piotr Wielki ogłasza się Cesarzem Wszechrusi 14 lipca 1789 Nie
44%
Zwołanie Stanów Generalnych przez króla Francji Ludwika XVI 14 lipca 1789 Nie
44%
Zwołanie Stanów Generalnych przez króla Francji Ludwika XVI 1700 do 1721 Nie
44%
Nałożenie na Amerykanów nakazu kupna herbaty tylko z Wielkiej Brytanii 1721 Nie
44%
Pokój w Paryżu, który potwierdził niepodległość USA 1721 Nie
44%
Pierwszy kongres kontynentalny w Filadelfii / Początek rządów Ludwika XVI we Francji 1773 Nie
44%
Wybuch wojny o niepodległość USA 1773 Nie
44%
Wynalezienie maszyny parowej przez Jamesa Watta 1774 Nie
44%
Wybuch wojny o niepodległość USA 1774 Nie
44%
Pierwszy kongres kontynentalny w Filadelfii / Początek rządów Ludwika XVI we Francji 1775 Nie
44%
Zwołanie Stanów Generalnych przez króla Francji Ludwika XVI 1783 Nie
44%
Piotr Wielki ogłasza się Cesarzem Wszechrusi 17 września 1787 Nie
44%
Przewrót Jakobiński we Francji, aresztowanie Maksymiliana Robespierre 17 września 1787 Nie
44%
Uchwalenie Konstytucji USA 17 września 1787 Tak
44%
Piotr Wielki ogłasza się Cesarzem Wszechrusi 21 stycznia 1793 Nie
44%
Piotr Wielki ogłasza się Cesarzem Wszechrusi 27 lipca 1794 Nie
44%
Uchwalenie Konstytucji francuskiej 27 lipca 1794 Nie
44%
Kapitulacja Brytyjczyków po bitwie pod Yorktown przeciw Amerykanom 3 września 1791 Nie
44%
Nałożenie na Amerykanów nakazu kupna herbaty tylko z Wielkiej Brytanii 4 lipca 1776 Nie
44%
Uchwalenie Konstytucji USA 4 lipca 1776 Nie
44%
Zwołanie Stanów Generalnych przez króla Francji Ludwika XVI 5 maja 1789 Tak
44%
Uchwalenie we Francji Deklaracji Praw Człowieka i Obywatela 9 listopada 1799 Nie
44%
Pierwszy kongres kontynentalny w Filadelfii / Początek rządów Ludwika XVI we Francji adsvv Nie
44%
Nałożenie na Amerykanów nakazu kupna herbaty tylko z Wielkiej Brytanii awdsf Nie
44%
Wynalezienie maszyny parowej przez Jamesa Watta awdsf Nie
44%
Wybuch wojny o niepodległość USA awdsf Nie
44%
Atak na Bastylię, czyli początek rewolucji francuskiej idk Nie
44%
Przewrót Jakobiński we Francji, aresztowanie Maksymiliana Robespierre lool Nie
44%
Wielka Wojna Północna lool Nie
44%
Nałożenie na Amerykanów nakazu kupna herbaty tylko z Wielkiej Brytanii nana Nie
44%
Kapitulacja Brytyjczyków po bitwie pod Yorktown przeciw Amerykanom nana Nie
44%
Wielka Wojna Północna nana Nie
44%
Uchwalenie we Francji Deklaracji Praw Człowieka i Obywatela nana Nie
44%
Pokój w Paryżu, który potwierdził niepodległość USA noid Nie
44%
Atak na Bastylię, czyli początek rewolucji francuskiej noid Nie
44%
Kapitulacja Brytyjczyków po bitwie pod Yorktown przeciw Amerykanom nth Nie
44%
Uchwalenie Konstytucji francuskiej nth Nie
44%
Atak na Bastylię, czyli początek rewolucji francuskiej 14 lipca 1789 Tak
33%
Wielka Wojna Północna 1700 do 1721 Tak
33%
Koronacja elektora Prus Fryderyka III na króla Fryderyka I 1701 Tak
33%
Piotr Wielki ogłasza się Cesarzem Wszechrusi 1721 Tak
33%
Wynalezienie maszyny parowej przez Jamesa Watta 1763 Tak
33%
Nałożenie na Amerykanów nakazu kupna herbaty tylko z Wielkiej Brytanii 1773 Tak
33%
Kapitulacja Brytyjczyków po bitwie pod Yorktown przeciw Amerykanom 1781 Tak
33%
Pokój w Paryżu, który potwierdził niepodległość USA 1783 Tak
33%
Ścięcie Ludwika XVI 21 stycznia 1793 Tak
33%
Uchwalenie we Francji Deklaracji Praw Człowieka i Obywatela 26 sierpnia 1789 Tak
33%
Przewrót Jakobiński we Francji, aresztowanie Maksymiliana Robespierre 27 lipca 1794 Tak
33%
Uchwalenie Konstytucji francuskiej 3 września 1791 Tak
33%
Pierwszy kongres kontynentalny w Filadelfii / Początek rządów Ludwika XVI we Francji 1774 Tak
22%
Wybuch wojny o niepodległość USA 1775 Tak
22%
Nie znaleziono quizów pasujących do podanych kryteriów
Rozkład punktacji
Procent ludzi z każdym wynikiem
Percentyl według liczby udzielonych odpowiedzi
Twoja historia wyników
Nie rozwiązałeś tego quizu